000 00388nam a22001577a 4500
999 _c7674
_d7674
003 OSt
005 20191216160238.0
008 190215b ||||| |||| 00| 0 eng d
040 _cDLC
082 _a231.3
_bS772s
100 _aSpurgeon, Charles H.
245 _a12 sermons on the Holy Spirit
260 _aSecunderabad:
_bOM Books:
_cc. 1997
300 _a152 p.;
_c20 cm
942 _2ddc
_cBK